00878nam a2200193Ia 4500003000900000008004100009020003000050022002200080022002300102040001600125100002000141245007500161260013300236300002000369490002700389700002300416700002100439856022400460IN-BaIIA211028s9999 xx s 000 0 eng d a978-1-107-19245-4 (Print) a1743-9213 (Print) a1743-9221 (Online) cIIA Library aTarchi, A., ed. 0aAstrophysical Masers: Unlocking the Mysteries of the Universeh[eBook] aCambridge bCambridge University Press c2018 aOnline resource aIAU Symposium; no. 336 aCastangia, P., ed. aReid, M. J., ed. uhttps://www.cambridge.org/core/journals/proceedings-of-the-international-astronomical-union/issue/astrophysical-masers-unlocking-the-mysteries-of-the-universe/024C8F71836A32451299A8FFC4BAC933yClick Here to Access eBook